la filmographie de Tom Holland - Statistiques

Statistiques générales
  • Ce quiz a été pris 239 fois
  • Le résultat moyen est 9 sur 27
Statistiques - réponses
Années Films / Série % Correct
2021 Spider-man : No way home
89%
2019 Spider-man : Far From Home
86%
2017 Spider-man : Homecoming
86%
2022 Uncharted
83%
2019 Avengers : Endgame
72%
2018 Avengers : Infinity war
65%
2016 Captain America : Civil war
51%
2012 The impossible
50%
2021 Cherry
44%
2020 Le diable, tout le temps
29%
2021 Chaos Walking
26%
2015 Au coeur de l'océan
22%
2020 En avant
20%
2017 The lost city of Z
18%
2019 Les incognitos
17%
2014 Billy Elliot the Musical Live
12%
2020 Le voyage du Docteur Dolittle
12%
2013 Locke
12%
2013 Maintenant c'est ma vie
12%
2017 The current war
11%
2017 Pilgrimage
10%
2021 Venom : Let there be carnage
8%
2016 Escapade fatale
7%
2012 Arriety, le petit monde des chapardeurs
5%
2015 Dans l'ombre des Tudors
5%
2013 Moments
4%
2015 Tweet
4%
Aucun quiz correspondant
Distribution des résultats
% des personnes avec chaque résultat
Percentile par nombre de réponses
Votre historique - résultats
Vous n’avez pas pris ce quiz